Ecological risk assessment / (Record no. 18110)

MARC details
000 -LEADER
fixed length control field 01080pam a2200265 a 4500
001 - CONTROL NUMBER
control field 1560360
003 - CONTROL NUMBER IDENTIFIER
control field OSt
005 - DATE AND TIME OF LATEST TRANSACTION
control field 20211115091920.0
008 - FIXED-LENGTH DATA ELEMENTS--GENERAL INFORMATION
fixed length control field 920623s1992 flua b 001 0 eng
010 ## - LIBRARY OF CONGRESS CONTROL NUMBER
LC control number 92025474
020 ## - INTERNATIONAL STANDARD BOOK NUMBER
International Standard Book Number 0873718755 (alk. paper)
040 ## - CATALOGING SOURCE
Original cataloging agency DLC
Transcribing agency HU
Modifying agency DLC
050 00 - LIBRARY OF CONGRESS CALL NUMBER
Classification number QH541.15.R57
Item number E25 1993
082 00 - DEWEY DECIMAL CLASSIFICATION NUMBER
Classification number 574.5/222
Edition number 20
245 00 - TITLE STATEMENT
Title Ecological risk assessment /
Statement of responsibility, etc. editor and principal author, Glenn W. Suter II ; contributing authors, Lawrence W. Barnthouse ... [et al.].
260 ## - PUBLICATION, DISTRIBUTION, ETC.
Place of publication, distribution, etc. Boca Raton :
Name of publisher, distributor, etc. Lewis Publishers,
Date of publication, distribution, etc. c1993.
300 ## - PHYSICAL DESCRIPTION
Extent xiv, 538 p. :
Other physical details ill. ;
Dimensions 25 cm.
504 ## - BIBLIOGRAPHY, ETC. NOTE
Bibliography, etc. note Includes bibliographical references (p. 403-496) and index.
650 #0 - SUBJECT ADDED ENTRY--TOPICAL TERM
Topical term or geographic name entry element Ecological risk assessment.
9 (RLIN) 18247
700 1# - ADDED ENTRY--PERSONAL NAME
Personal name Suter, Glenn W.
9 (RLIN) 18248
700 1# - ADDED ENTRY--PERSONAL NAME
Personal name Barnthouse, L. W.
Fuller form of name (Lawrence W.)
9 (RLIN) 18249
906 ## - LOCAL DATA ELEMENT F, LDF (RLIN)
a 7
b cbc
c orignew
d 1
e ocip
f 19
g y-gencatlg
942 ## - ADDED ENTRY ELEMENTS (KOHA)
Source of classification or shelving scheme Dewey Decimal Classification
Koha item type Books like text book referance book
Suppress in OPAC No
Holdings
Withdrawn status Lost status Source of classification or shelving scheme Damaged status Not for loan Collection code Home library Current library Shelving location Date acquired Total Checkouts Full call number Barcode Date last seen Copy number Price effective from Koha item type
    Dewey Decimal Classification     Reference Wondo Genet Library Wondo Genet Library General Stacks 11/15/2021   574.5`222 SUT 1993 WGCFNRL00006119 11/15/2021 1 11/15/2021 Books like text book referance book
    Dewey Decimal Classification     Non-fiction Wondo Genet Library Wondo Genet Library General Stacks 11/16/2021   574.5/222 SUT 1993 WGCFNRL00001971 11/16/2021 2 11/16/2021 Books like text book referance book